Statistieken voor Landen rond de Zuid-Chinese Zee

Klik hier om de quiz te nemen!

Algemene statistieken

  • Deze quiz is 24 keer genomen
  • De gemiddelde score is 7 van 8

Antwoordstatistieken

Land% Correct
China
100%
Indonesië
95%
Maleisië
95%
Taiwan
95%
Vietnam
95%
Filipijnen
90%
Singapore
85%
Brunei
70%

Scoreverdeling

Percentiel versus Aantal Correcte Antwoorden

Procent van Mensen met Elke Score

Uw Scoregeschiedenis

U heeft deze quiz nog niet genomen